000 00459pab a2200169 454500
008 180718b2006 xxu||||| |||| 00| 0 eng d
100 _aMartin, Dominique
245 _aThe sociology of globalization: theoretical and methodological reflections
260 _c2006
300 _ap.499-521.
362 _aJul
650 _aGlobalization
700 _aPierre, Philippe
700 _aMetzger, Jean-Luc
773 _aInternational Sociology
909 _a70870
999 _c70870
_d70870